Peace is possible (Record no. 66874)

MARC details
000 -LEADER
campo de control de longitud fija 00667nam a2200205 i 4500
001 - NÚMERO DE CONTROL
campo de control 66874
003 - IDENTIFICADOR DE NÚMERO DE CONTROL
campo de control ES-MaACL
005 - FECHA Y HORA DE LA ÚLTIMA TRANSACCIÓN
campo de control 20230906165854.0
007 - CAMPO FIJO DE DESCRIPCIÓN FÍSICA--INFORMACIÓN GENERAL
campo de control de longitud fija t|
008 - DATOS DE LONGITUD FIJA--INFORMACIÓN GENERAL
campo de control de longitud fija 040416s2000 no ||||1| eng d
020 ## - NÚMERO INTERNACIONAL ESTÁNDAR DEL LIBRO
Número Internacional Estándar del Libro 92-9006-01-1
080 ## - NÚMERO DE LA CLASIFICACIÓN DECIMAL UNIVERSAL
Número de la Clasificación Decimal Universal 355.19
245 00 - MENCIÓN DEL TÍTULO
Título Peace is possible
Resto del título : choosing our common future : human security or military destruction? /
Mención de responsabilidad, etc. Fredrik S. Heffermehl (editor).
260 ## - PUBLICACIÓN, DISTRIBUCIÓN, ETC.
Lugar de publicación, distribución, etc. Oslo :
Nombre del editor, distribuidor, etc. International Peace Bureau,
Fecha de publicación, distribución, etc. [2000]
300 ## - DESCRIPCIÓN FÍSICA
Extensión 146 p. :
Otras características físicas fot., retr. ;
Dimensiones 21 cm.
650 14 - PUNTO DE ACCESO ADICIONAL DE MATERIA--TÉRMINO DE MATERIA
Término de materia o nombre geográfico como elemento de entrada Paz.
9 (RLIN) 15898
700 1# - ENTRADA AGREGADA--NOMBRE PERSONAL
Nombre de persona Heffermehl, Fredrik S.
9 (RLIN) 62311
710 2# - ENTRADA AGREGADA--NOMBRE DE ENTIDAD CORPORATIVA
Nombre de entidad corporativa o nombre de jurisdicción como elemento de entrada International Peace Bureau.
9 (RLIN) 5276
852 ## - LOCALIZACIÓN
Ubicación ES-MaACL
Número de control de estantería L-27346
Sublocalización o colección R.132940
Holdings
Estatus retirado Estado de pérdida Estado de daño No para préstamo Biblioteca de origen Biblioteca actual Ubicación en estantería Fecha de adquisición Fuente de adquisición Total de préstamos Signatura topográfica completa Código de barras Visto por última vez Precio de reemplazo Tipo de ítem Koha
        Biblioteca del Ateneo de Madrid Biblioteca del Ateneo de Madrid Depósito 2 17/01/2008     L-27346 1070043 23/02/2023 23/02/2023 Libro impreso